[Event "Cto de Aragon por Equipos Preferente"]
[Site "?"]
[Date "2021.03.27"]
[Round "3.38"]
[White "Hernandez Bolea, Jorge"]
[Black "Bailo Remacha, Santiago"]
[Result "0-1"]
[WhiteElo "1205"]
[BlackElo "1948"]
[PlyCount "76"]
[EventDate "2021.03.13"]
[WhiteTeam "Delicias B"]
[BlackTeam "El Olivar B"]

1. e4 c5 2. Nc3 d6 3. f4 Nc6 4. Nf3 a6 5. Bc4 e6 6. d3 b5 7. Bb3 Bb7 8. O-O Na5
9. Qe1 Qb6 10. Be3 O-O-O 11. a4 d5 12. axb5 axb5 13. Nxd5 exd5 14. Rxa5 d4 15.
Bd2 f6 16. f5 Bd6 17. e5 Bc7 18. Qe2 c4 19. dxc4 d3+ 20. Qe3 Qxe3+ 21. Bxe3
Bxa5 22. cxb5 Bxf3 23. gxf3 fxe5 24. cxd3 Rxd3 25. Be6+ Kb7 26. Bf2 Bb6 27. Rc1
Ne7 28. Rc4 Rd1+ 29. Kg2 Rd2 30. Rc1 Rxf2+ 31. Kg3 Rxb2 32. Bc4 Rc8 33. f4
exf4+ 34. Kxf4 Rb4 35. Kg3 Rcxc4 36. Rd1 Nxf5+ 37. Kf3 Rb3+ 38. Kg2 Ne3+ 0-1

[Event "Cto de Aragon por Equipos Preferente"]
[Site "?"]
[Date "2021.03.27"]
[Round "3.39"]
[White "Arinez Bruna, Octavio"]
[Black "Aznar Jimenez, Gonzalo"]
[Result "1-0"]
[WhiteElo "1873"]
[BlackElo "1205"]
[PlyCount "53"]
[EventDate "2021.03.13"]
[WhiteTeam "El Olivar B"]
[BlackTeam "Delicias B"]

1. d4 Nf6 2. Bg5 d6 3. Bxf6 gxf6 4. e3 a6 5. Bc4 e5 6. Nc3 Rg8 7. Qh5 Rg7 8. h3
Nd7 9. O-O-O Nb6 10. Bb3 Qe7 11. g4 Be6 12. Nge2 Bxb3 13. axb3 O-O-O 14. Ng3
Qe8 15. Nf5 Rg5 16. Qxh7 d5 17. f4 Rg6 18. Qh4 Qd7 19. Qf2 e4 20. Qe2 Bb4 21.
h4 c5 22. dxc5 Bxc5 23. Nxe4 Qe6 24. Nxc5 Qe8 25. Rhg1 Qf8 26. b4 a5 27. Qb5
1-0

[Event "Cto de Aragon por Equipos Preferente"]
[Site "?"]
[Date "2021.03.27"]
[Round "3.40"]
[White "Martinez Blanco, Ruben"]
[Black "Munoz Valles, Jorge"]
[Result "0-1"]
[WhiteElo "1065"]
[BlackElo "1668"]
[PlyCount "82"]
[EventDate "2021.03.13"]
[WhiteTeam "Delicias B"]
[BlackTeam "El Olivar B"]

1. d4 Nf6 2. c4 g6 3. Nf3 Bg7 4. Nc3 O-O 5. g3 d6 6. Bg2 Nbd7 7. O-O c5 8. d5
a6 9. Qc2 Rb8 10. a4 Nb6 11. Nd2 Bd7 12. a5 Na8 13. b3 Qc8 14. Re1 Bh3 15. Bh1
h5 16. Nf3 Bf5 17. e4 Nxe4 18. Nxe4 Bxa1 19. Bh6 Bg7 20. Bxg7 Kxg7 21. Qc3+ Kg8
22. Neg5 Qd7 23. Nh4 e5 24. dxe6 Bxe6 25. Ne4 Qd8 26. Nf6+ Kg7 27. Ng4+ Kh7 28.
Nf6+ Kh6 29. Qe3+ Kg7 30. Ne4 Nc7 31. Qc3+ f6 32. Ng5 Re8 33. Qd3 f5 34. Rxe6
Nxe6 35. Nxe6+ Rxe6 36. Qc3+ Qf6 37. Qxf6+ Kxf6 38. Nf3 b5 39. cxb5 Rxb5 40.
Nd2 Re1+ 41. Kg2 Rxa5 0-1

[Event "Cto de Aragon por Equipos Preferente"]
[Site "?"]
[Date "2021.03.27"]
[Round "3.41"]
[White "Carruez Berges, Santiago"]
[Black "Martinez Cebolla, Alberto"]
[Result "1-0"]
[WhiteElo "1998"]
[BlackElo "2079"]
[PlyCount "75"]
[EventDate "2021.03.13"]
[WhiteTeam "Agrupacion B"]
[BlackTeam "IberCaja B"]

1. e4 e5 2. Nf3 Nc6 3. Bb5 Nf6 4. d3 Bc5 5. c3 d6 6. O-O a6 7. Ba4 O-O 8. Bg5
h6 9. Bh4 g5 10. Bg3 Ba7 11. Nbd2 Bg4 12. h3 Bh5 13. h4 Nh7 14. Qe1 Ne7 15.
hxg5 hxg5 16. Bd1 Ng6 17. Nh2 Bxd1 18. Qxd1 Nf6 19. Nc4 Re8 20. Ng4 Nf4 21.
Nxf6+ Qxf6 22. Ne3 c6 23. Qf3 Qg6 24. Rad1 Rad8 25. Ng4 Kg7 26. Bxf4 gxf4 27.
g3 fxg3 28. Qxg3 Rh8 29. Kg2 Rh5 30. Rh1 Rdh8 31. Rxh5 Rxh5 32. f3 f5 33. exf5
Rxf5 34. Rh1 Rg5 35. Qh4 Kf7 36. Rh3 Be3 37. Qh7+ Qg7 38. Qe4 1-0

[Event "Cto de Aragon por Equipos Preferente"]
[Site "?"]
[Date "2021.03.27"]
[Round "3.42"]
[White "Garcia Acin, Pablo"]
[Black "Larrosa Poves, Jose Manuel"]
[Result "0-1"]
[WhiteElo "1623"]
[BlackElo "1909"]
[PlyCount "28"]
[EventDate "2021.03.13"]
[WhiteTeam "IberCaja B"]
[BlackTeam "Agrupacion B"]

1. e4 c5 2. Nf3 e6 3. d4 cxd4 4. Nxd4 a6 5. c4 Nf6 6. Nc3 Qc7 7. Bd3 Nc6 8. Be3
Be7 9. b3 Ne5 10. h3 Bb4 11. Rc1 Qa5 12. Qc2 Bxc3+ 13. Qxc3 Nxd3+ 14. Kd2 Nxe4+
0-1

[Event "Cto de Aragon por Equipos Preferente"]
[Site "?"]
[Date "2021.03.27"]
[Round "3.43"]
[White "Serrat Claver, David"]
[Black "Barranco Castillo, Jose Antonio"]
[Result "0-1"]
[WhiteElo "1898"]
[BlackElo "1588"]
[PlyCount "70"]
[EventDate "2021.03.13"]
[WhiteTeam "Agrupacion B"]
[BlackTeam "IberCaja B"]

1. e4 d6 2. d4 Nf6 3. Nc3 e5 4. Nf3 Nbd7 5. Bc4 Be7 6. O-O O-O 7. Re1 c6 8. a4
a5 9. Ba2 h6 10. h3 Re8 11. Qe2 exd4 12. Nxd4 Bf8 13. Bf4 Nc5 14. Qc4 Ne6 15.
Be3 Qe7 16. Nf5 Qc7 17. Rad1 Nc5 18. Nxd6 Bxd6 19. Bxc5 Bh2+ 20. Kh1 Be6 21.
Qd3 Bxa2 22. Nxa2 Rad8 23. Qf3 Rxd1 24. Rxd1 Be5 25. c3 b6 26. Be3 c5 27. Nc1
Qc6 28. Nd3 Qxe4 29. Qxe4 Nxe4 30. Nxe5 Rxe5 31. Rd8+ Kh7 32. Rd7 Kg6 33. Kh2
Re6 34. g4 Nf6 35. Kg3 Nxd7 0-1

[Event "Cto de Aragon por Equipos Preferente"]
[Site "?"]
[Date "2021.03.27"]
[Round "3.44"]
[White "Torcal Miguel, Paula"]
[Black "Casasnovas Sanchez, Raul"]
[Result "1-0"]
[WhiteElo "1587"]
[BlackElo "1455"]
[PlyCount "99"]
[EventDate "2021.03.13"]
[WhiteTeam "IberCaja B"]
[BlackTeam "Agrupacion B"]

1. e4 c6 2. d4 d5 3. exd5 cxd5 4. Nc3 Bf5 5. Bd3 Bxd3 6. Qxd3 Nf6 7. Nf3 Nc6 8.
a3 e6 9. Bf4 Be7 10. O-O O-O 11. Rfe1 Rc8 12. Ne5 Qb6 13. Nxc6 bxc6 14. b4 Nh5
15. Bd2 a5 16. Na4 Qa7 17. bxa5 c5 18. dxc5 Bxc5 19. Nxc5 Qxc5 20. Bb4 Qa7 21.
Bxf8 Kxf8 22. Qxh7 Nf6 23. Qd3 Ne4 24. Rf1 Qxa5 25. Rfc1 Rc3 26. Qd4 Rc4 27.
Qd3 Rc3 28. Qd4 Rc4 29. Qe3 Rc3 30. Qe1 Qa7 31. a4 g5 32. h3 f5 33. a5 g4 34.
Ra4 g3 35. Rxe4 gxf2+ 36. Qxf2 Qxf2+ 37. Kxf2 fxe4 38. Ra1 Rxc2+ 39. Ke3 Rxg2
40. a6 e5 41. a7 d4+ 42. Kxe4 Re2+ 43. Kd5 Kg7 44. a8=Q Rf2 45. Ra6 d3 46. Qa7+
Rf7 47. Qg1+ Kh7 48. Qg6+ Kh8 49. Ra8+ Rf8 50. Rxf8# 1-0

[Event "Cto de Aragon por Equipos Preferente"]
[Site "?"]
[Date "2021.03.27"]
[Round "3.45"]
[White "Flores Samperiz, Jorge"]
[Black "Sancho Cortes, Miguel Angel"]
[Result "1/2-1/2"]
[WhiteElo "1939"]
[BlackElo "2039"]
[PlyCount "66"]
[EventDate "2021.03.13"]
[WhiteTeam "Helios B"]
[BlackTeam "Marie Curie"]

1. d4 Nf6 2. c4 e5 3. dxe5 Ng4 4. Nf3 Bc5 5. e3 Nc6 6. Be2 O-O 7. O-O Re8 8. a3
a5 9. Nbd2 Ngxe5 10. Nb3 Bf8 11. Nbd4 Nxf3+ 12. Nxf3 d6 13. Bd2 g6 14. Bc3 Bg7
15. Qd2 Bf5 16. Bxg7 Kxg7 17. Nd4 Nxd4 18. Qxd4+ Qf6 19. Rfd1 Qxd4 20. Rxd4 Ra6
21. g4 Be4 22. c5 dxc5 23. Rxe4 Rxe4 24. Bxa6 Rxg4+ 25. Kf1 bxa6 26. Rc1 Rg5
27. Rc4 Rh5 28. h4 Kf6 29. Ra4 Ke7 30. Ke2 Kd6 31. Rf4 Ke6 32. Ra4 Kd6 33. Rf4
Ke6 1/2-1/2

[Event "Cto de Aragon por Equipos Preferente"]
[Site "?"]
[Date "2021.03.27"]
[Round "3.46"]
[White "Sanchez Perez, Carlos"]
[Black "Anson Casaos, Alejandro"]
[Result "1-0"]
[WhiteElo "1497"]
[BlackElo "1829"]
[PlyCount "83"]
[EventDate "2021.03.13"]
[WhiteTeam "Marie Curie"]
[BlackTeam "Helios B"]

1. d4 Nf6 2. Nf3 c5 3. c3 e6 4. e3 Nc6 5. Bd3 Be7 6. O-O b6 7. Nbd2 O-O 8. b3
Bb7 9. Bb2 Rc8 10. Qc2 cxd4 11. exd4 Nb4 12. Qb1 Nxd3 13. Qxd3 h6 14. Rfe1 d6
15. c4 d5 16. Ne5 Re8 17. Rac1 Nd7 18. Ng4 Bg5 19. Rcd1 dxc4 20. bxc4 Qc7 21.
Ne3 Red8 22. Rc1 Qf4 23. g3 Qc7 24. f4 Bf6 25. Ne4 Be7 26. d5 Nc5 27. Nxc5 Qxc5
28. Bd4 Qd6 29. Be5 Qd7 30. Rcd1 Bc5 31. Bd4 exd5 32. Bxc5 Rxc5 33. Nf5 Bc8 34.
Ne7+ Kh8 35. Nxc8 Qxc8 36. cxd5 Qd7 37. Re5 g6 38. d6 Qc6 39. Qd4 Kg8 40. d7
Rc2 41. Qd5 Qxd5 42. Re8+ 1-0

[Event "ARA Cto de Aragon por Equipos Division "]
[Site "Aragon"]
[Date "2021.04.10"]
[Round "4.1"]
[White "Adla, Diego"]
[Black "Garza Marco, Sergio"]
[Result "1/2-1/2"]
[WhiteElo "2425"]
[BlackElo "2399"]
[PlyCount "53"]
[EventDate "2021.03.13"]
[WhiteTeam "MyInvestor Casablanca"]
[BlackTeam "Helios"]

1. Nf3 d5 2. e3 Nf6 3. b3 Bf5 4. Bb2 e6 5. Be2 h6 6. O-O Nbd7 7. c4 c6 8. d4
Bd6 9. Bd3 Bxd3 10. Qxd3 O-O 11. Nbd2 a5 12. e4 dxe4 13. Nxe4 Nxe4 14. Qxe4 a4
15. Rad1 Qe7 16. Rfe1 axb3 17. axb3 Ba3 18. Ba1 Bb4 19. Re3 Qd6 20. d5 exd5 21.
cxd5 Bc5 22. Red3 Rfe8 23. Qc4 Nb6 24. Qg4 Qg6 25. Qxg6 fxg6 26. dxc6 bxc6 27.
Bd4 1/2-1/2

[Event "ARA Cto de Aragon por Equipos Division "]
[Site "Aragon"]
[Date "2021.04.10"]
[Round "4.2"]
[White "Calvo Simon, Jorge"]
[Black "Glavina, Pablo"]
[Result "0-1"]
[WhiteElo "2188"]
[BlackElo "2410"]
[PlyCount "50"]
[EventDate "2021.03.13"]
[WhiteTeam "Helios"]
[BlackTeam "MyInvestor Casablanca"]

1. e4 e5 2. Nf3 Nc6 3. Bc4 Bc5 4. c3 Nf6 5. d3 O-O 6. O-O d6 7. Nbd2 a5 8. Re1
Be6 9. Bb3 h6 10. Nf1 Bxb3 11. axb3 d5 12. b4 axb4 13. Rxa8 Qxa8 14. exd5 Nxd5
15. Nxe5 bxc3 16. Bxh6 gxh6 17. Qg4+ Kh8 18. Qh4 Qd8 19. Qxh6+ Kg8 20. Re4
Bxf2+ 21. Kh1 Nf6 22. Ng4 Nxe4 23. dxe4 Bd4 24. bxc3 Bg7 25. Qh5 Qd3 0-1

[Event "ARA Cto de Aragon por Equipos Division "]
[Site "Aragon"]
[Date "2021.04.10"]
[Round "4.4"]
[White "Lorente Melcon, Maximo"]
[Black "Vela Frago, Alberto"]
[Result "0-1"]
[WhiteElo "1838"]
[BlackElo "2065"]
[PlyCount "100"]
[EventDate "2021.03.13"]
[WhiteTeam "Helios"]
[BlackTeam "MyInvestor Casablanca"]

1. e4 e5 2. Nf3 Nc6 3. Bc4 Bc5 4. c3 Nf6 5. d3 d6 6. Nbd2 O-O 7. O-O a5 8. a4
h6 9. Re1 Be6 10. Bb3 Bxb3 11. Qxb3 Qd7 12. Nf1 Rfe8 13. Ng3 d5 14. exd5 Qxd5
15. Qxd5 Nxd5 16. Ne4 Bf8 17. Ng3 g6 18. h4 Rad8 19. h5 g5 20. Be3 Nxe3 21.
Rxe3 Bc5 22. Re2 Rxd3 23. Rae1 g4 24. Nd4 Nxd4 25. cxd4 Bxd4 26. Nf5 g3 27.
Nxh6+ Kh7 28. Ng4 gxf2+ 29. Nxf2 f5 30. Kf1 Rg3 31. Rd2 c5 32. Nd3 Kh6 33. Nf4
Reg8 34. Ng6 e4 35. Ne7 Rf8 36. Ng6 Re8 37. Nf4 Rg4 38. Ne2 e3 39. Rc2 b6 40.
g3 Be5 41. Rd1 Bxg3 42. Rd5 Be5 43. Ng1 Rd4 44. Rxd4 cxd4 45. Rc6+ Kxh5 46.
Rxb6 d3 47. Nf3 e2+ 48. Ke1 Kg4 49. Nxe5+ Rxe5 50. Rb5 d2+ 0-1

[Event "ARA Cto de Aragon por Equipos Division "]
[Site "Aragon"]
[Date "2021.04.10"]
[Round "4.5"]
[White "Ruperez Benito, Antonio"]
[Black "Forcen Esteban, Daniel"]
[Result "0-1"]
[WhiteElo "2363"]
[BlackElo "2558"]
[PlyCount "70"]
[EventDate "2021.03.13"]
[WhiteTeam "Palacio de Pioneros A"]
[BlackTeam "Jaime Casas"]

1. e4 e6 2. b3 d5 3. Bb2 Nc6 4. exd5 exd5 5. Nf3 Nf6 6. Bb5 Bd6 7. Qe2+ Be6 8.
Ne5 O-O 9. Bxc6 bxc6 10. O-O c5 11. f4 Re8 12. d3 d4 13. Nd2 Nd5 14. Ndc4 Nxf4
15. Qf3 Bd5 16. Qxf4 Bxc4 17. dxc4 f6 18. Rae1 Bxe5 19. Qf3 Qd6 20. g3 Rad8 21.
Re2 Qd7 22. Rfe1 d3 23. cxd3 Bxb2 24. Rxe8+ Rxe8 25. Rxe8+ Qxe8 26. Qd5+ Kh8
27. Qxc5 Qd8 28. Kg2 Bd4 29. Qc6 g6 30. Qe6 Bc5 31. Qe4 Kg7 32. Kf3 Qd4 33.
Qxd4 Bxd4 34. Ke4 Bg1 35. h3 f5+ 0-1

[Event "ARA Cto de Aragon por Equipos Division "]
[Site "Aragon"]
[Date "2021.04.10"]
[Round "4.6"]
[White "Antoli Royo, Joaquin Miguel"]
[Black "Palacios Herrero, Pablo"]
[Result "0-1"]
[WhiteElo "2423"]
[BlackElo "2243"]
[PlyCount "56"]
[EventDate "2021.03.13"]
[WhiteTeam "Jaime Casas"]
[BlackTeam "Palacio de Pioneros A"]

1. e4 e6 2. d4 d5 3. Nd2 c5 4. Ngf3 cxd4 5. Nxd4 Nf6 6. e5 Nfd7 7. N2f3 Nc6 8.
Bf4 Qb6 9. c3 Be7 10. Bd3 Nc5 11. O-O Nxd4 12. Nxd4 O-O 13. Rb1 f5 14. exf6
Bxf6 15. Nf3 Bd7 16. Bc2 Bb5 17. Re1 Qa6 18. Re3 Ne4 19. Ne5 Bh4 20. Bxe4 Rxf4
21. Bf3 Be7 22. Be2 Bxe2 23. Qxe2 Qxa2 24. Re1 Bc5 25. Rf3 Re4 26. Qd1 Qb3 27.
Nd3 Qxd1 28. Rxd1 Bd6 0-1

[Event "ARA Cto de Aragon por Equipos Division "]
[Site "Aragon"]
[Date "2021.04.10"]
[Round "4.7"]
[White "Romero Pallares, Daniel"]
[Black "Ramiro Ovejero, Juan Luis"]
[Result "0-1"]
[WhiteElo "2203"]
[BlackElo "2345"]
[PlyCount "276"]
[EventDate "2021.03.13"]
[WhiteTeam "Palacio de Pioneros A"]
[BlackTeam "Jaime Casas"]

1. e4 e6 2. d4 d5 3. Bd3 dxe4 4. Bxe4 Nf6 5. Bf3 c5 6. Ne2 Nc6 7. Be3 cxd4 8.
Nxd4 Ne5 9. Nc3 a6 10. Qe2 Nxf3+ 11. gxf3 Nd5 12. Nxd5 Qxd5 13. O-O-O Be7 14.
Rhg1 Qxa2 15. Nb3 e5 16. Rd5 Qa4 17. Ra5 Qh4 18. Rxe5 Be6 19. Rxe6 fxe6 20. Bd4
Qxh2 21. Rxg7 Qh1+ 22. Kd2 Qh6+ 23. Ke1 Rd8 24. Rg1 Rf8 25. Bg7 Qh2 26. Rf1 Rf7
27. Be5 Qh6 28. Rg1 Rd5 29. f4 Qh2 30. Rg8+ Rf8 31. Rxf8+ Kxf8 32. Nd4 Qg1+ 33.
Kd2 Bc5 34. c3 Qg6 35. Ke3 Qf5 36. Qf3 Ke7 37. Qg3 Qg6 38. Qh4+ Kd7 39. Qh1 Kc8
40. Qh3 h5 41. Qh4 Kd7 42. Qh1 Qg4 43. Qa1 Bb6 44. Qa4+ Kc8 45. Qc4+ Rc5 46.
Qa4 Rc6 47. Qc2 Qf5 48. Qe2 Qg6 49. Qf3 Rc4 50. Qh3 Ra4 51. Qf1 Qg4 52. Qb1 Qg8
53. Qd1 Qe8 54. Qb3 Qc6 55. Qd1 Bxd4+ 56. Bxd4 Ra5 57. Qg1 Rf5 58. Qg8+ Kc7 59.
Qg7+ Qd7 60. Be5+ Kc6 61. Qg2+ Qd5 62. Qg7 Kb5 63. b3 Qc6 64. Qg1 Rxe5+ 65.
fxe5 Qxc3+ 66. Kf4 Qd4+ 67. Kf3 Qxe5 68. Qf1+ Ka5 69. Qc1 Qf5+ 70. Kg2 Qd5+ 71.
f3 Kb4 72. Qe1+ Kxb3 73. Qb1+ Ka3 74. Qc1+ Kb4 75. Qb2+ Kc5 76. Qa3+ Kb6 77.
Qe3+ Kc6 78. Qc3+ Qc5 79. Qf6 Qc2+ 80. Kg3 Qf5 81. Qc3+ Kd6 82. Qb4+ Kc7 83.
Qe7+ Kc6 84. Qe8+ Kb6 85. Qd8+ Kc5 86. Qe7+ Kc4 87. Qc7+ Qc5 88. Qxb7 Qe5+ 89.
Kf2 Qc5+ 90. Kg2 Qd6 91. Qe4+ Kc5 92. Qc2+ Kb6 93. Qb1+ Kc6 94. Qe4+ Qd5 95.
Qa4+ Kb7 96. Qb4+ Kc7 97. Qe7+ Kc6 98. Qe8+ Kc5 99. Qc8+ Qc6 100. Qf8+ Kb5 101.
Qh8 Qc2+ 102. Kg3 Qc7+ 103. Kg2 e5 104. Qe8+ Kb4 105. Qxh5 a5 106. Qf5 a4 107.
Qb1+ Ka5 108. Qe1+ Kb5 109. Qb1+ Ka6 110. Qd3+ Kb6 111. Qb1+ Ka7 112. Qb5 Qc2+
113. Kg3 Qg6+ 114. Kh3 Qh5+ 115. Kg3 Qg5+ 116. Kf2 Qd2+ 117. Kg3 Qf4+ 118. Kg2
Qd4 119. Qa5+ Kb7 120. Qb5+ Kc7 121. Qa5+ Kc6 122. Qa6+ Kd7 123. Qb7+ Ke6 124.
Qc6+ Kf5 125. Qc8+ Kf6 126. Qf8+ Ke6 127. Qe8+ Kd6 128. Qd8+ Kc6 129. Qa5 Qb2+
130. Kg3 a3 131. Qa6+ Kc5 132. Qc8+ Kd4 133. Qd7+ Ke3 134. Qa7+ Kd3 135. Qa6+
Kd2 136. Qd6+ Ke1 137. Qd3 Qf2+ 138. Kh3 Qf1+ 0-1

[Event "ARA Cto de Aragon por Equipos Division "]
[Site "Aragon"]
[Date "2021.04.10"]
[Round "4.8"]
[White "Eizaguerri Floris, Maria"]
[Black "Caballero Ortin, Jorge"]
[Result "1/2-1/2"]
[WhiteElo "2247"]
[BlackElo "1677"]
[PlyCount "98"]
[EventDate "2021.03.13"]
[WhiteTeam "Jaime Casas"]
[BlackTeam "Palacio de Pioneros A"]

1. e4 e6 2. d4 d5 3. Nd2 c5 4. Ngf3 cxd4 5. exd5 exd5 6. Nxd4 Nf6 7. Bb5+ Bd7
8. Qe2+ Qe7 9. Bxd7+ Nbxd7 10. Nb5 Qxe2+ 11. Kxe2 Kd8 12. Nb3 a6 13. N5d4 Ne4
14. f3 Nec5 15. Rd1 Rc8 16. c3 Bd6 17. Nxc5 Bxc5 18. Nb3 Re8+ 19. Kf1 Re5 20.
Nxc5 Rxc5 21. Bf4 Rf5 22. Be3 Rc6 23. Rd2 g5 24. Rad1 Nf6 25. Kg1 Ke8 26. Bd4
Nd7 27. Rd3 Re6 28. Bf2 Nf6 29. Bd4 Nd7 30. R3d2 b5 31. a4 h5 32. axb5 axb5 33.
Ra1 b4 34. cxb4 g4 35. fxg4 hxg4 36. b5 Rf4 37. g3 Rfe4 38. Ra8+ Ke7 39. Ra7
Ke8 40. Ra8+ Ke7 41. Kf2 Nb6 42. Ra7+ Kd8 43. Bxb6+ Rxb6 44. Rxd5+ Kc8 45. Rg5
Rf6+ 46. Kg2 Re2+ 47. Kg1 Re1+ 48. Kg2 Re2+ 49. Kg1 Re1+ 1/2-1/2

[Event "ARA Cto de Aragon por Equipos Division "]
[Site "Aragon"]
[Date "2021.04.10"]
[Round "4.9"]
[White "Dominguez Bujeda, Jesus"]
[Black "Escartin Lacasa, Jose"]
[Result "0-1"]
[WhiteElo "2086"]
[BlackElo "2111"]
[PlyCount "62"]
[EventDate "2021.03.13"]
[WhiteTeam "Teruel"]
[BlackTeam "Jaque Pirenauto"]

1. d4 d5 2. c4 c6 3. Nf3 Nf6 4. Nc3 e6 5. e3 Nbd7 6. Bd3 Bd6 7. O-O O-O 8. e4
dxe4 9. Nxe4 Nxe4 10. Bxe4 h6 11. Bc2 e5 12. Qd3 f5 13. c5 Bc7 14. Qc4+ Kh8 15.
dxe5 Nxe5 16. Qc3 Nxf3+ 17. Qxf3 Be6 18. Bf4 Bd5 19. Qg3 Bxf4 20. Qxf4 Qf6 21.
Qb4 Qg5 22. f3 Rae8 23. Rae1 Re3 24. Rxe3 Qxe3+ 25. Kh1 Qe2 26. Rc1 Bxf3 27.
Rg1 Re8 28. Qc3 Re3 29. Bd1 Bxg2+ 30. Rxg2 Qxd1+ 31. Rg1 Qf3+ 0-1

[Event "ARA Cto de Aragon por Equipos Division "]
[Site "Aragon"]
[Date "2021.04.10"]
[Round "4.10"]
[White "Ereza Vizcarra, Fernando"]
[Black "Romo Blasco, Adrian"]
[Result "1-0"]
[WhiteElo "2103"]
[BlackElo "1986"]
[PlyCount "77"]
[EventDate "2021.03.13"]
[WhiteTeam "Jaque Pirenauto"]
[BlackTeam "Teruel"]

1. d4 Nf6 2. Nf3 c5 3. d5 g6 4. Nc3 d6 5. e4 Bg7 6. Bb5+ Bd7 7. a4 O-O 8. O-O
a6 9. Be2 Bg4 10. h3 Bxf3 11. Bxf3 Nbd7 12. Be2 Rb8 13. a5 Ne8 14. Bf4 b5 15.
axb6 Rxb6 16. Ra2 Nc7 17. Qd2 Re8 18. Rfa1 Qa8 19. Nd1 Qb7 20. c3 Rb8 21. Qc2
Ne5 22. Bc1 e6 23. f4 Nd7 24. dxe6 fxe6 25. Ne3 d5 26. e5 Rf8 27. Ng4 Rf7 28.
h4 Nb8 29. h5 gxh5 30. Nh2 Bh6 31. Bxh5 Rf8 32. Qf2 Ne8 33. Ng4 Bg7 34. Be3 Nd7
35. Qg3 Kh8 36. Qh4 Rxb2 37. Bg6 Ndf6 38. exf6 Bxf6 39. Rxb2 1-0

[Event "ARA Cto de Aragon por Equipos Division "]
[Site "Aragon"]
[Date "2021.04.10"]
[Round "4.11"]
[White "Arpa Pardos, Emilio"]
[Black "Buisac Anadon, Pablo"]
[Result "0-1"]
[WhiteElo "1905"]
[BlackElo "2064"]
[PlyCount "66"]
[EventDate "2021.03.13"]
[WhiteTeam "Teruel"]
[BlackTeam "Jaque Pirenauto"]

1. e4 c5 2. Nf3 e6 3. d4 cxd4 4. Nxd4 Nf6 5. Bd3 Nc6 6. Nxc6 dxc6 7. Bf4 Qb6 8.
Nd2 Qxb2 9. O-O Qd4 10. Nf3 Qd8 11. c4 e5 12. Nxe5 Be6 13. Qf3 Be7 14. Rfd1 Qc8
15. h3 O-O 16. g4 Rd8 17. g5 Nd7 18. Ng4 Nc5 19. Bc2 Bxc4 20. e5 Bd5 21. Rxd5
cxd5 22. Nf6+ Bxf6 23. gxf6 g6 24. Qg3 Qd7 25. Kh2 Rac8 26. Qh4 Ne6 27. Bf5
gxf5 28. Rg1+ Kh8 29. Rg7 Nxg7 30. Bh6 Ne6 31. Bg7+ Nxg7 32. fxg7+ Kg8 33. Qg5
Qe6 0-1

[Event "ARA Cto de Aragon por Equipos Division "]
[Site "Aragon"]
[Date "2021.04.10"]
[Round "4.12"]
[White "Buisan Zaharia, Pedro"]
[Black "Perez Dominguez, Carlos Gines"]
[Result "1-0"]
[WhiteElo "1956"]
[BlackElo "1571"]
[PlyCount "100"]
[EventDate "2021.03.13"]
[WhiteTeam "Jaque Pirenauto"]
[BlackTeam "Teruel"]

1. d4 Nf6 2. c4 e5 3. dxe5 Ng4 4. Nf3 Nc6 5. e3 Bb4+ 6. Bd2 Bxd2+ 7. Qxd2 Ngxe5
8. Nd4 O-O 9. Be2 d6 10. O-O Bd7 11. f4 Ng6 12. f5 Nge5 13. Nc3 f6 14. Rf4 Nxd4
15. exd4 Nf7 16. Bh5 Nh6 17. g4 Be8 18. Bxe8 Rxe8 19. Re1 Qd7 20. Rfe4 Rxe4 21.
Rxe4 Re8 22. Qe2 Kf8 23. Nd5 Rxe4 24. Qxe4 c6 25. Nf4 Nf7 26. Ne6+ Kg8 27. c5
d5 28. Qf4 Qc8 29. h4 Nd8 30. Qd6 Nf7 31. Qe7 h6 32. Kg2 Qb8 33. Qd7 b6 34.
Qxc6 bxc5 35. b3 cxd4 36. Qxd5 d3 37. Qxd3 Ne5 38. Qe4 Kf7 39. g5 hxg5 40. hxg5
fxg5 41. Nxg5+ Kf6 42. Nh7+ Kf7 43. Qd5+ Ke7 44. Qe6+ Kd8 45. Qg8+ Kc7 46.
Qxg7+ Kb6 47. Nf8 Qa8+ 48. Kg1 Nf3+ 49. Kf2 Qe4 50. Qf6+ Kc5 1-0

[Event "ARA Cto de Aragon por Equipos Division "]
[Site "Aragon"]
[Date "2021.04.10"]
[Round "4.13"]
[White "Del Rey, Diego"]
[Black "Zambrana Petisme, Ramiro"]
[Result "0-1"]
[WhiteElo "2383"]
[BlackElo "2102"]
[PlyCount "94"]
[EventDate "2021.03.13"]
[WhiteTeam "El Olivar"]
[BlackTeam "Palacio de Pioneros B"]

1. d4 Nf6 2. c4 g6 3. Nc3 Bg7 4. e4 d6 5. Nge2 O-O 6. Ng3 e5 7. d5 a5 8. Be2
Na6 9. O-O Nc5 10. Be3 Nfd7 11. Qc2 h5 12. Rfe1 h4 13. Nf1 f5 14. f3 f4 15. Bf2
Rf7 16. h3 Qg5 17. Nh2 Nf6 18. Ng4 b6 19. a3 Nh5 20. b4 Nb7 21. Nb5 Ng3 22.
Rac1 Bf8 23. Bf1 Kh8 24. Qb2 Kg8 25. Rc3 Qd8 26. Rcc1 Bd7 27. Be2 Bxg4 28. hxg4
Rh7 29. Bf1 h3 30. gxh3 Nxf1 31. Kxf1 Rxh3 32. Kg2 Rh7 33. Rh1 Be7 34. Rxh7
Kxh7 35. Rh1+ Kg7 36. c5 axb4 37. axb4 bxc5 38. bxc5 Nxc5 39. Bxc5 dxc5 40.
Qxe5+ Bf6 41. Qxf4 Ra2+ 42. Kg3 Qe7 43. Qh6+ Kf7 44. Qe3 Qe5+ 45. f4 Qb2 46.
Qf3 Qxb5 47. e5 Qb2 0-1

[Event "ARA Cto de Aragon por Equipos Division "]
[Site "Aragon"]
[Date "2021.04.10"]
[Round "4.14"]
[White "Sacristan Latorre, Alberto"]
[Black "Villuendas Valero, Adrian"]
[Result "1/2-1/2"]
[WhiteElo "2114"]
[BlackElo "2249"]
[PlyCount "56"]
[EventDate "2021.03.13"]
[WhiteTeam "Palacio de Pioneros B"]
[BlackTeam "El Olivar"]

1. Nf3 Nf6 2. c4 e6 3. b3 d5 4. Bb2 c5 5. e3 Nc6 6. Be2 d4 7. d3 e5 8. O-O Bd6
9. a3 a5 10. exd4 exd4 11. Nbd2 O-O 12. Re1 h6 13. Bf1 Bf5 14. h3 Re8 15. Qc2
Qd7 16. Rad1 Bh7 17. Qb1 Rxe1 18. Rxe1 Re8 19. Qd1 Re7 20. Bc1 Qe8 21. Rxe7
Qxe7 22. Qe2 Nd7 23. Ne1 Nde5 24. Ndf3 Qe6 25. Bd2 Nd7 26. Nc2 Nde5 27. Nce1
Nd7 28. Nc2 Nde5 1/2-1/2

[Event "ARA Cto de Aragon por Equipos Division "]
[Site "Aragon"]
[Date "2021.04.10"]
[Round "4.15"]
[White "Hernando Garcia, Antonio"]
[Black "Colom Sienes, Eduardo"]
[Result "1-0"]
[WhiteElo "2097"]
[BlackElo "2094"]
[PlyCount "99"]
[EventDate "2021.03.13"]
[WhiteTeam "El Olivar"]
[BlackTeam "Palacio de Pioneros B"]

1. c4 Nf6 2. Nc3 d6 3. g3 g6 4. Bg2 Bg7 5. Nf3 O-O 6. O-O e5 7. d3 Nc6 8. Rb1
a5 9. a3 Nd4 10. b4 axb4 11. axb4 Ne6 12. Qb3 Nh5 13. Bb2 Kh8 14. Ra1 Rb8 15.
Ra7 f5 16. Rfa1 Bd7 17. b5 Nf6 18. Nd2 Bh6 19. Qd1 Ng4 20. Nf3 Kg8 21. R1a2 Bg7
22. Qa1 Nc5 23. Nd2 f4 24. Nce4 fxg3 25. hxg3 Bh6 26. Bf3 Nxe4 27. Nxe4 Bf5 28.
Bc1 Bxe4 29. Bxg4 Bxc1 30. Qxc1 Qf6 31. f3 Bf5 32. Bxf5 gxf5 33. Qf1 Rf7 34.
Ra8 Rxa8 35. Rxa8+ Kg7 36. Qh3 h6 37. Qh4 Qxh4 38. gxh4 Kg6 39. Kg2 Kh5 40. Ra7
b6 41. Kh3 Rg7 42. Ra8 f4 43. Rc8 Rg3+ 44. Kh2 Rg7 45. Rh8 Kg6 46. Kg2 Kh5+ 47.
Kf2 Kg6 48. e3 fxe3+ 49. Kxe3 Kh5 50. d4 {El negro pierde por tiempo.} 1-0